Basic Thermodynamics (Record no. 139695)

000 -LEADER
fixed length control field 00301nmm a2200109Ia 4500
008 - FIXED-LENGTH DATA ELEMENTS--GENERAL INFORMATION
fixed length control field 220120s9999||||xx |||||||||||||||||und||
020 ## - INTERNATIONAL STANDARD BOOK NUMBER
International Standard Book Number 81-265-0287-8
082 ## - DEWEY DECIMAL CLASSIFICATION NUMBER
Classification number 620.4 HEG
100 ## - MAIN ENTRY--PERSONAL NAME
Personal name Hegde, R.K & Murthy, Niranjan
9 (RLIN) 6540
245 #0 - TITLE STATEMENT
Title Basic Thermodynamics
260 ## - PUBLICATION, DISTRIBUTION, ETC.
Place of publication, distribution, etc. Sapna book house
Name of publisher, distributor, etc. Delhi
Date of publication, distribution, etc. 2011
Holdings
Withdrawn status Lost status Damaged status Not for loan Home library Current library Date acquired Barcode Date last seen Price effective from Koha item type
        Central Library Central Library 01/20/2022 CD1246 01/20/2022 01/20/2022 Compact Disc

Powered by Koha